书目信息 |
| 题名: |
AutoCAD 2005辅助绘图实例教程
|
|
| 作者: | 田振华 编著 | |
| 分册: | ||
| 出版信息: | 北京 人民邮电出版社 2006.01 |
|
| 页数: | 277页 | |
| 开本: | 26cm | |
| 丛书名: | 计算机辅助设计系列教材 | |
| 单 册: | ||
| 中图分类: | TP391.72 | |
| 科图分类: | ||
| 主题词: | 计算机辅助设计--ji suan ji fu zhu she ji--应用软件--教材 | |
| 电子资源: | ||
| ISBN: | 7-115-13962-8 | |
| 000 | 01056nam 2200253 450 | |
| 001 | 012006469753 | |
| 005 | 20060626112429.93 | |
| 010 | @a7-115-13962-8@dCNY25.00 | |
| 100 | @a20060614d2006 km y0chiy0120 ea | |
| 101 | 0 | @achi |
| 102 | @aCN@b110000 | |
| 105 | @aa z 000yy | |
| 200 | 1 | @aAutoCAD 2005辅助绘图实例教程@AAutoCAD 2005 fu zhu hui tu shi li jiao cheng@f田振华编著@Ftian zhen hua bian zhu |
| 210 | @a北京@c人民邮电出版社@d2006.01 | |
| 215 | @a277页@c图@d26cm | |
| 225 | 2 | @a计算机辅助设计系列教材@Aji suan ji fu zhu she ji xi lie jiao cai |
| 330 | @a本书共分为6章,第一章讲述AutoCAD 2005的基础知识,第2章介绍绘图环境的设置方法,第3章介绍一些简单平面图的绘制,第4章介绍一些建筑装饰图的绘制,第5章讲述机械图形的绘制实例,第6章介绍三维图形的绘制。 | |
| 333 | @a大专院校及各类CAD培训班学生 | |
| 410 | 0 | @12001 @a计算机辅助设计系列教材 |
| 606 | 0 | @a计算机辅助设计@Aji suan ji fu zhu she ji@x应用软件@j教材 |
| 690 | @aTP391.72@v4 | |
| 701 | 0 | @a田振华@Atian zhen hua@4编著 |
| 801 | 0 | @aCN@bQSSK@c20060626 |
| 905 | @a10447@dTP391.72@eT692 | |
| AutoCAD 2005辅助绘图实例教程/田振华编著.-北京:人民邮电出版社,2006.01 |
| 277页:图;26cm.-(计算机辅助设计系列教材) |
| 使用对象:大专院校及各类CAD培训班学生 |
| ISBN 7-115-13962-8:CNY25.00 |
| 本书共分为6章,第一章讲述AutoCAD 2005的基础知识,第2章介绍绘图环境的设置方法,第3章介绍一些简单平面图的绘制,第4章介绍一些建筑装饰图的绘制,第5章讲述机械图形的绘制实例,第6章介绍三维图形的绘制。 |
| ● |
| 相关链接 |
|
|
|
正题名:AutoCAD 2005辅助绘图实例教程
索取号:TP391.72/T692
 
预约/预借
| 序号 | 登录号 | 条形码 | 馆藏地/架位号 | 状态 | 备注 |
| 1 | 587635 | 205876355 | 自科库301/301自科库 111排1列1层/ [索取号:TP391.72/T692] | 在馆 | |
| 2 | 587636 | 205876364 | 自科二线404/404自科库 14排1列2层/ [索取号:TP391.72/T692] | 在馆 | |
| 3 | 587637 | 205876373 | 自科库301/301自科库 111排1列1层/ [索取号:TP391.72/T692] | 在馆 |